000 00691aam a2200229 4500
001 2656
003 CO-MdFUSB
005 20170403113621.0
008 170331t1953 xxu||||| |||| 00| 0 eng d
040 _aCO-MdFUSB
_bspa
_cCO-MdFUSB
_dCO-MdFUSBC
_erda
041 0 _aeng
082 0 4 _aG 225.1 T298t
100 1 _aTenney, Merrill C. (Chapin) (1904-)
_eautor
245 1 4 _aThe New Testament
_b: An historical and analytic survey
_c/ Merrill C. Tenney
264 _aGrand Rapids, MI., USA
_b: Eerdmans,
_c© 1953
300 _a447 Pag
_b:
_c;
336 _2rdacontent
_a1
_ba1
337 _2rdamedia
_a2
_b5
338 _2rdacarrier
_a2
_b5
630 0 7 _aBiblia.
_pNuevo Testamento
942 _cBK
999 _c33439
_d33439